UBT Library

Synopsis of Pathology (Record no. 54628)

000 -LEADER
fixed length control field 00270nam a22001217a 4500
008 - FIXED-LENGTH DATA ELEMENTS--GENERAL INFORMATION
fixed length control field 190306b xxu||||| |||| 00| 0 eng d
041 ## - LANGUAGE CODE
Language code of text/sound track or separate title eng
080 ## - UNIVERSAL DECIMAL CLASSIFICATION NUMBER
Edition identifier 7th
Universal Decimal Classification number 616
100 ## - Rafti
Rafti 8
101 ## - Shkurtesa
Shkurtesa PAT
245 ## - TITLE STATEMENT
Title Synopsis of Pathology
Statement of responsibility, etc Anderson, W.A.D
942 ## - ADDED ENTRY ELEMENTS (KOHA)
Source of classification or shelving scheme
Item type Books
Holdings
Withdrawn status Lost status Source of classification or shelving scheme Damaged status Not for loan Collection code Permanent location Current location Shelving location Date acquired Total Checkouts Full call number Barcode Date last seen Price effective from Koha item type
          Koleksioni i përgjithshem UBT - Lipjan UBT - Lipjan Koleksioni i përgjithshem 03/06/2019   616 AND 002-3022888 03/06/2019 03/06/2019 Books
UBT Library © 2015-2024. All rights reserved University Education for Business and Technology